Andská skupina Latinská Amerika 2-dodatky

Saved in:
Bibliographic Details
Format: Book
Language:Czech
Published: Praha Pressfoto 1983
Series:Obchodně ekonomické sborníky sv. 71
Tags: Add Tag
No Tags, Be the first to tag this record!

MARC

LEADER 00000nam a2200000 4500
001 c136370
005 20250722075215.0
041 0 |a cze 
044 |a CZ 
245 1 0 |a Andská skupina  |b Latinská Amerika 2-dodatky  |c Vlastislav Beneš a kol. 
264 1 |a Praha  |b Pressfoto  |c 1983 
300 |a 287 s. 
490 1 |a Obchodně ekonomické sborníky  |v sv. 71 
830 0 |a Obchodně ekonomické sborníky  |v sv. 71